美国读本. 下册 (Record no. 62765)

000 -LEADER
fixed length control field 00432nam a22001697a 4500
003 - CONTROL NUMBER IDENTIFIER
control field MPLRDC
005 - DATE AND TIME OF LATEST TRANSACTION
control field 20220104184223.0
008 - FIXED-LENGTH DATA ELEMENTS--GENERAL INFORMATION
fixed length control field 210129b ||||| |||| 00| 0 eng d
020 ## - INTERNATIONAL STANDARD BOOK NUMBER
International Standard Book Number 7-80173-361-4
082 ## - DEWEY DECIMAL CLASSIFICATION NUMBER
Classification number 874.57 RAV
100 ## - MAIN ENTRY--PERSONAL NAME
Personal name DIANE RAVITH
245 ## - TITLE STATEMENT
Title 美国读本. 下册
Statement of responsibility, etc. 陈凯等译
260 ## - PUBLICATION, DISTRIBUTION, ETC.
Place of publication, distribution, etc. 中国
Name of publisher, distributor, etc. 国际文化出版公司
Date of publication, distribution, etc. 不详
300 ## - PHYSICAL DESCRIPTION
Other physical details
650 ## - SUBJECT ADDED ENTRY--TOPICAL TERM
Topical term or geographic name entry element 美国文学
942 ## - ADDED ENTRY ELEMENTS (KOHA)
Koha item type Book
-- 874.57 RAV
Holdings
Withdrawn status Lost status Source of classification or shelving scheme Damaged status Not for loan Collection code Home library Current library Shelving location Date acquired Cost, normal purchase price Total Checkouts Full call number Barcode Date last seen Date last checked out Price effective from Koha item type Public note
            Malaysian Public Library, Research and Development Centre Malaysian Public Library, Research and Development Centre   24/09/2009 30.00   874.57 RAV 00055512 18/03/2021 13/07/2014 18/03/2021 Book mplrdc

© 2022. Malaysian Public Library, Research and Development Centre. All Right ReservedE-mailmplrdc@help.edu.my 

Powered by Koha